Countries by Number of Oceans - Statistics

General Stats
  • This quiz has been taken 12 times
  • The average score is 29 of 40
Answer Stats
Hint Explanation Answer % Correct
Mexico Atlantic, Pacific 2
100%
Afghanistan 0
91%
Venezuela Atlantic 1
91%
Kenya Indian 1
91%
Japan Pacific 1
91%
Laos 0
82%
Switzerland 0
82%
Belgium Atlantic 1
82%
Brazil Atlantic 1
82%
Portugal Atlantic 1
82%
Sweden Atlantic 1
82%
Turkey Atlantic 1
82%
Saudi Arabia Indian 1
82%
Nigeria Atlantic 1
82%
Algeria Atlantic 1
82%
India Indian 1
82%
China Pacific 1
82%
Philippines Pacific 1
82%
Pakistan Indian 1
82%
Panama Atlantic, Pacific 2
82%
Indonesia Indian, Pacific 2
82%
Ethiopia 0
73%
Bolivia 0
73%
New Zealand Pacific 1
73%
Colombia Atlantic, Pacific 2
73%
Norway Arctic, Atlantic 2
73%
Australia Indian, Pacific 2
73%
Canada Arctic, Atlantic, Pacific 3
73%
Argentina Atlantic, Pacific 2
64%
South Africa Atlantic, Indian 2
64%
Malaysia Indian, Pacific 2
64%
United States of America Arctic, Atlantic, Pacific 3
64%
Chile Atlantic, Pacific 2
55%
Egypt Atlantic, Indian 2
55%
Russia Arctic, Atlantic, Pacific 3
55%
Denmark Arctic, Atlantic 2
36%
Israel Atlantic, Indian 2
36%
Thailand Indian, Pacific 2
36%
France Atlantic, Indian, Pacific, Southern 4
27%
UK Atlantic, Indian, Pacific, Southern 4
18%
No matching quizzes found
Score Distribution
Percent of People with Each Score
Percentile by Number Answered
Your Score History
You have not taken this quiz